Giáo trình luật ngân hàng

Salvato in:
Dettagli Bibliografici
Natura: Libro
Lingua:Undetermined
Pubblicazione: Hà Nội CAND 2004
Soggetti:
Tags: Aggiungi Tag
Nessun Tag, puoi essere il primo ad aggiungerne! !
Thư viện lưu trữ: Trung tâm Học liệu Trường Đại học Cần Thơ
LEADER 00478nam a2200181Ia 4500
001 CTU_51603
008 210402s9999 xx 000 0 und d
020 |c 25000 
082 |a 346.597082 
082 |b T406 
245 0 |a Giáo trình luật ngân hàng 
245 0 |c Chủ biên: Võ Đình Toàn 
260 |a Hà Nội 
260 |b CAND 
260 |c 2004 
650 |a Banking law 
904 |i Minh 
980 |a Trung tâm Học liệu Trường Đại học Cần Thơ